000 00351cam a22001217a 4500
008 180718b1966 xxu||||| |||| 00| 0 eng d
082 _aB234x42 G463
100 _aGlass, S.T.
245 _aResponsible society: the ideas of the English guild socialist
_cby S.T. Glass
260 _aLondon
_bLongmans
_c1966
300 _a79p.
650 _aSocialism - UK.
999 _c366576
_d366576